Three-Part Music (Record no. 27325)

MARC details
000 -LEADER
fixed length control field 00530nam a2200193Ia 4500
005 - DATE AND TIME OF LATEST TRANSACTION
control field 20250924122912.0
008 - FIXED-LENGTH DATA ELEMENTS--GENERAL INFORMATION
fixed length control field 231207s9999 xx 000 0 und d
020 ## - INTERNATIONAL STANDARD BOOK NUMBER
International Standard Book Number 9788130702247
040 ## - CATALOGING SOURCE
Transcribing agency PK-LaNCA
082 ## - DEWEY DECIMAL CLASSIFICATION NUMBER
Classification number 780.7
Item number THR
100 ## - MAIN ENTRY--PERSONAL NAME
Author Name Giddings, Thaddeus(Editor)
245 #0 - TITLE STATEMENT
Title Three-Part Music
Statement of responsibility, etc. Edited by Thaddeus Giddings
260 ## - PUBLICATION, DISTRIBUTION, ETC.
Name of publisher, distributor, etc. Cosmo Publications
Place of publication, distribution, etc. New Delhi
Date of publication, distribution, etc. 2006
300 ## - PHYSICAL DESCRIPTION
Pages 192p
500 ## - GENERAL NOTE
General note Cosmo music education series
546 ## - LANGUAGE NOTE
Language note English
650 ## - SUBJECT ADDED ENTRY--TOPICAL TERM
Subject Music--Education., Music.
942 ## - ADDED ENTRY ELEMENTS (KOHA)
Koha item type Musicology
999 ## -
-- 27325
-- 27325
Holdings
Withdrawn status Weedout from Library Permanent Location Current Location Shelving location Date acquired Serial Enumeration / chronology Full call number Barcode Price effective from Koha item type
    NATIONAL COLLEGE OF ARTS, LAHORE - LIBRARY NATIONAL COLLEGE OF ARTS, LAHORE - LIBRARY Musicology Section Basement of Library 08/12/2023 Cosmo music education series 8 780.7 THR 31778 31778 08/12/2023 Book